000 00792nam a2200205 a 4500
001 000005683
005 20200929151739.0
008 090821s1995 dr 000 0 spa d
020 _a8460091325
040 _aDO-SdBNP
_bspa
_cBNPHU
082 _axxxx
_bS779i
100 1 _aStagno, Horacio Hugo
_916059
245 1 0 _aImportancia de los organismos internacionales en la República Dominicana /
_cHoracio Hugo Stagno ; prólogo Ramón Alonso ; revisión José Luis Parisi.
260 _aSanto Domingo :
_bUniversidad Católica Santo Domingo,
_c1995.
300 _a95 p. ;
_c21 cm.
504 _aIncluye referencias bibliográficas y notas al pie de las páginas
504 _aBibliografía : p. 83- 84
700 1 _aAlonso, Ramón,
_epról.
_911617
700 1 _aParisi, José Luis,
_erev.
_916060
999 _c5480
_d5480